特急列車の停車駅(大正十四年四月) - Statistics

General Stats
  • This quiz has been taken 32 times
  • The average score is 23 of 25
Answer Stats
回答 % Correct
東京
100%
横濱
100%
静岡
100%
濱松
100%
名古屋
100%
岐阜
100%
京都
100%
大阪
100%
神戸
100%
姫路
100%
岡山
100%
廣島
100%
下關
100%
沼津
97%
豐橋
97%
米原
97%
大津
97%
大垣
93%
三宮
93%
國府津
86%
小郡
79%
山北
69%
三田尻
62%
宮島
59%
糸崎
55%
No matching quizzes found
Score Distribution
Percent of People with Each Score
Percentile by Number Answered
Your Score History
You have not taken this quiz